| 000 | 04487nam a22003737a 4500 | ||
|---|---|---|---|
| 005 | 20100219141220.0 | ||
| 010 | _aB-400259-273 | ||
| 020 |
_c300.00 _a9788126718504 |
||
| 035 | _aB-400259-273 | ||
| 037 | _bराजकमल प्रकाशन/ PUB | ||
| 082 | _a371.1 | ||
| 100 |
_aमुकेश किशोर _922612 |
||
| 245 |
_aमुझे ऐसे पढ़ाओ / _cमुकेश किशोर |
||
| 260 |
_aनई दिल्ली _bराजकमल प्रकाशन _c2010 |
||
| 270 |
_a1-बी, नेताजी सुभाष मार्ग _bनई दिल्ली _e110002 |
||
| 300 |
_a200पृ _c22सेमी (सजिल्द) |
||
| 942 |
_2ddc _cHN _mमुकेश _h371.1 |
||
| 999 |
_c34213 _d34213 |
||